Online
Catalog

Crédito bancario / (Record no. 6275)

MARC details
000 -CABECERA
campo de control de longitud fija 01287nam a2200229 a 4500
001 - NÚMERO DE CONTROL
campo de control 000006484
005 - FECHA Y HORA DE LA ÚLTIMA TRANSACCIÓN
campo de control 20200929153932.0
008 - DATOS DE LONGITUD FIJA--INFORMACIÓN GENERAL
campo de control de longitud fija 090831s1999 dr 001 0 spa d
040 ## - FUENTE DE LA CATALOGACIÓN
Centro catalogador/agencia de origen DO-SdBNP
Lengua de catalogación spa
Centro/agencia transcriptor BNPHU
082 ## - NÚMERO DE LA CLASIFICACIÓN DECIMAL DEWEY
Número de clasificación 332.7
Número de documento/Ítem S593c
100 1# - ENTRADA PRINCIPAL--NOMBRE DE PERSONA
Nombre de persona Simó Torres, Dennis R.
9 (RLIN) 17963
245 10 - MENCIÓN DE TÍTULO
Título Crédito bancario /
Mención de responsabilidad, etc. Dennis R. Simó Torres, Dennis Simó Álvarez.
260 ## - PUBLICACIÓN, DISTRIBUCIÓN, ETC.
Lugar de publicación, distribución, etc. Santo Domingo :
Nombre del editor, distribuidor, etc. Amigo del Hogar,
Fecha de publicación, distribución, etc. 1999.
300 ## - DESCRIPCIÓN FÍSICA
Extensión 311 p. :
Otras características físicas il. ;
Dimensiones 23 cm.
500 ## - NOTA GENERAL
Nota general Incluye notas al pie de las páginas
500 ## - NOTA GENERAL
Nota general Incluye datos biográficos de los autores
504 ## - NOTA DE BIBLIOGRAFÍA, ETC.
Nota de bibliografía, etc. Bibliografía : p. 311
505 2# - NOTA DE CONTENIDO CON FORMATO
Nota de contenido con formato Introducción -- investigación de crédito -- Análisis de crédito - factores no financieros -- Análisis de crédito - factores financieros -- Presentación de los Estados Financieros comparativos -- Ciclos económicos -- Metodología para preparación del crédito -- Las visitas a los clientes -- Políticas de crédito -- Preparación de un oficial de crédito -- Evaluación de las operaciones de crédito -- Normas prudenciales y clasificación de cartera -- Algunas deficiencias en las empresas -- Orígenes de la problemática crediticia.
650 #4 - PUNTO DE ACCESO ADICIONAL DE MATERIA--TÉRMINO DE MATERIA
Término de materia o nombre geográfico como elemento de entrada Prestamos bancarios
9 (RLIN) 7899
650 #4 - PUNTO DE ACCESO ADICIONAL DE MATERIA--TÉRMINO DE MATERIA
Término de materia o nombre geográfico como elemento de entrada Créditos
9 (RLIN) 17964
700 1# - PUNTO DE ACCESO ADICIONAL--NOMBRE DE PERSONA
Nombre de persona Simó Álvarez, Dennis
9 (RLIN) 17965
Holdings
Estado de retiro Estado de pérdida Restricciones de uso No para préstamo Código de colección Localización permanente Ubicación/localización actual Ubicación en estantería Fecha de adquisición Número de inventario Total de préstamos Signatura topográfica completa Código de barras Fecha visto por última vez Número de copia Precio válido a partir de Tipo de ítem Koha
        Dominicana de Servicio General General Depósito 02.07.2013 LF1   332.7 S593c 6484-30 25.06.2020 e. 3 25.06.2020 Libro y Folleto Colección Dominicana de Servicio
      Excluido de préstamo Patrimonio Dominicano Patrimonio Dominicano Patrimonio Dominicano Depósito 31.08.2009 LF1   332.7 S593c 6484-10 25.06.2020   25.06.2020 Libro y Folleto Colección Patrimonio Dominicano
      Excluido de préstamo Patrimonio Dominicano Patrimonio Dominicano Patrimonio Dominicano Depósito 31.08.2009 LF1   332.7 S593c 6484-20 25.06.2020 e. 2 25.06.2020 Libro y Folleto Colección Patrimonio Dominicano

Powered by Koha